The Next Country... - Statistics

General Stats
  • This quiz has been taken 15 times
  • The average score is 5 of 15
Answer Stats
Hint Country Answer % Correct
Alphabetically Somalia South Africa
60%
Land Area Kazakhstan Algeria
50%
Population Brazil Bangladesh
50%
Alphabetically Djibouti Dominica
50%
Alphabetically Iraq Ireland
50%
Alphabetically Netherlands New Zealand
50%
Population Russia Ethiopia
40%
Alphabetically Ethiopia F. S. Micronesia
40%
Land Area Mexico Indonesia
30%
Population Vietnam Iran
30%
Population Germany Thailand
30%
Population France South Africa
20%
Land Area Egypt Tanzania
20%
Land Area Peru Chad
10%
Land Area Venezuela Pakistan
0%
No matching quizzes found
Score Distribution
Percent of People with Each Score
Percentile by Number Answered
Your Score History
You have not taken this quiz